[Event "XVI Gran Hotel Bali 2017"]
[Site "Benidorm"]
[Date "2017.12.05"]
[Round "6"]
[White "Yuksel, Atilla Koksal"]
[Black "Rodriguez Alvarez, Vidal"]
[Result "1-0"]
[WhiteElo "2184"]
[BlackElo "2256"]
[Annotator "NA RC"]
[PlyCount "74"]
[EventDate "2017.??.??"]
[EventType "swiss"]
[EventCountry "ESP"]
[SourceTitle "playchess.com"]
[Source "ChessBase"]
[SourceQuality "1"]
[TimeControl "5400+30"]

{[%evp 8,56,-7,32767,-18,-35,-27,-33,-25,-29,-26,-40,0,-13,0,-13,11,0,17,32767,32767,32767,12,-8,15,16,11,23,7,8,32767,32767,32767,32767,32767,3,4,0,15,9,22,24,20,32767,23,18,32767,32767,32767,32767,170]} 1. e4 {[%emt 0:05:23]} c5 {[%emt 0:00:06]} 2. Nc3 {[%emt 0:00:18]} g6 {[%emt 0:01:03]} 3. f4 {[%emt 0:00:15]} Bg7 {[%emt 0:00:07]} 4. Nf3 {[%emt 0:00:12]} Nc6 {[%emt 0:00:03]} 5. Bc4 {[%emt 0:00:29]} e6 {[%emt 0:00:12]} 6. d3 {[%emt 0:00:18]} Nge7 {[%emt 0:00:47]} 7. O-O {[%emt 0:00:13]} d5 {[%emt 0:02:30]} 8. Bb3 {[%emt 0:00:07]} O-O {[%emt 0:01:28]} 9. Qe1 {[%emt 0:00:18]} Nd4 {[%emt 0:03:37]} 10. Nxd4 $1 {[%emt 0:00:07]} cxd4 {[%emt 0:00:02]} 11. Ne2 {[%emt 0:00:07]} dxe4 {[%emt 0:00:30]} 12. dxe4 {[%emt 0:00:03]} d3 {[%emt 0:04:49] LiveBook: 5 Games B23: Closed Sicilian: Lines without g3} (12... b6 13. Bc4 Bb7 14. Bd3 f5 15. Ng3 Qd7 16. Bd2 Kh8 17. Qe2 Rac8 18. h3 Rfe8 19. e5 Rcd8 20. Qf2 Nc6 {½-½ (84) Saric,I (2441)-Leskur,D (2476) Sibenik 2005}) 13. Nc3 {[%emt 0:00:28]} b6 {[%emt 0:02:17]} 14. Be3 {[%emt 0:06:12]} dxc2 {[%emt 0:01:29]} 15. Bxc2 {[%emt 0:00:29]} Nc6 {[%emt 0:06:38]} 16. Rd1 {[%emt 0:02:20]} Qe7 {[%emt 0:01:58]} 17. e5 {[%emt 0:04:50]} Ba6 {[%emt 0:06:44]} 18. Rf2 {[%emt 0:03:58]} {Predecessor:} Rad8 $146 {[%emt 0:03:00]} 19. Be4 {[%emt 0:04:12]} Rxd1 {[%emt 0:06:40]} 20. Qxd1 {[%emt 0:00:29]} Rd8 {[%emt 0:05:27]} 21. Rd2 {[%emt 0:07:27]} Rxd2 {[%emt 0:00:40]} 22. Qxd2 {[%emt 0:00:06]} Na5 {[%emt 0:00:40]} 23. b3 {[%emt 0:02:36]} Bf8 {[%emt 0:01:16]} 24. Bf3 {[%emt 0:02:58]} Bb7 {[%emt 0:05:53]} 25. Ne4 {[%emt 0:03:14]} Kg7 {[%emt 0:04:36]} 26. h3 {[%emt 0:12:11]} Bxe4 {[%emt 0:06:45]} 27. Bxe4 {[%emt 0:00:07]} Qa3 {[%emt 0:00:34]} 28. Kh2 {[%emt 0:04:26]} Bc5 $18 {[%emt 0:00:56]} ({Günstiger ist} 28... Qb4 $14 29. Qxb4 Bxb4) 29. f5 {[%emt 0:01:28]} Bxe3 {[%emt 0:06:41]} 30. f6+ {[%emt 0:00:05]} Kg8 {[%emt 0:00:11]} 31. Qxe3 {[%emt 0:00:06]} Qc5 {[%emt 0:01:48]} 32. Qf4 {[%emt 0:05:00]} Qd4 {[%emt 0:06:07]} 33. g3 {[%emt 0:02:47]} Qb4 {[%emt 0:07:05]} 34. Qh6 {[%emt 0:06:23]} Qf8 {[%emt 0:00:02]} 35. Qd2 {[%emt 0:00:07]} Qc8 {[%emt 0:03:58]} 36. Qd6 {[%emt 0:04:42]} b5 {[%emt 0:02:43]} 37. Qd2 {[%emt 0:00:24]} Qd8 1-0

[Event "XVI Gran Hotel Bali 2017"]
[Site "Benidorm"]
[Date "2017.12.05"]
[Round "6"]
[White "Van Herck, Marcel"]
[Black "Hristodorescu, Daniel"]
[Result "0-1"]
[WhiteElo "2124"]
[BlackElo "2237"]
[Annotator "TA"]
[PlyCount "100"]
[EventDate "2017.??.??"]
[EventType "swiss"]
[EventCountry "ESP"]
[SourceTitle "playchess.com"]
[Source "ChessBase"]
[SourceQuality "1"]

{[%evp 22,100,22,13,44,41,38,38,62,0,32,29,36,0,15,-16,-16,-19,15,7,23,16,18,9,39,39,33,25,39,14,62,62,45,24,24,14,15,8,17,8,8,7,8,2,9,6,129,0,0,0,0,0,0,-10,51,0,0,5,9,0,127,17,17,17,17,17,17,17,18,18,206,0,17,17,17,17,18,0,9,0,22]} 1. e4 e5 2. Nf3 Nc6 3. Bb5 a6 4. Ba4 Nf6 {[%cal Bg8f6,Bf6d7,Bd7c5][%mdl 32]} 5. O-O Be7 6. Bxc6 dxc6 7. d3 Nd7 8. Nbd2 O-O 9. Nc4 f6 10. Nh4 Nc5 11. Nf5 Bxf5 12. exf5 {LiveBook: 129 Partien} Qd4 {C85: Spanische Partie (Steenwijker Variante)} (12... Re8 13. Qg4 Qd7 14. Re1 b5 15. Bh6 Bf8 16. Nd2 Qd4 17. Qxd4 exd4 18. Bf4 Na4 19. Nf3 Rxe1+ 20. Rxe1 {½-½ (74) Jovanovic,Z (2533)-Bosiocic,M (2610) Valpovo 2017}) 13. Be3 Qd5 14. Qg4 Rfe8 $146 {Weiß steht etwas besser.} ({Vorgänger:} 14... Rad8 15. Rfe1 Kh8 16. Rad1 Rfe8 17. b3 Bf8 18. h3 Bd6 19. h4 Nd7 20. d4 {½-½ (42) Horvath,A (2272)-Tate,A (2167) Budapest 2008}) 15. f3 (15. Nd2 $14) 15... b5 16. Nd2 Na4 17. b3 Bc5 18. Rfe1 {Droht Se4 und aus.} Nc3 19. Ne4 Nxe4 (19... Bxe3+ {keeps more tension.} 20. Rxe3 Nxe4 21. fxe4 Qd4 22. Rae1 Red8) 20. Qxe4 Bxe3+ 21. Qxe3 c5 22. Qe4 Rad8 23. Qxd5+ Rxd5 $14 {[%mdl 4096] Endspiel KTT-KTT} 24. Re4 Rd4 25. a4 b4 (25... c4 $5) 26. Rae1 Kf7 27. Kf2 g6 28. g4 gxf5 29. gxf5 Rg8 {[#]} 30. f4 $1 {[%mdl 512]} Rg4 $1 {[%cal Rg4f4]} (30... exf4 31. Re7+) 31. fxe5 {zielt auf Txg4 ab.} Rf4+ $1 32. Kg3 Rxf5 33. exf6 {Te7+ ist eine echte Drohung.} Kxf6 (33... Rxe4 $11 34. Rxe4 (34. dxe4 Rxf6 35. Rd1 Rd6 $11) 34... Kxf6) 34. h4 ({Lieber} 34. Re6+ $16 Kg7 35. Rxa6) 34... Rxe4 $11 35. dxe4 {KT-KT} Re5 36. Kf4 c4 37. bxc4 Ke6 (37... Rc5 $11) 38. Ke3 Rh5 39. Rh1 Ke5 40. a5 Rh6 (40... Kd6 $11 {bleibt in der Remisbreite.}) 41. Rd1 ({Weiss braucht} 41. c5 $16) 41... Rxh4 42. Rd5+ Ke6 43. Kd4 Rh2 44. Kc5 Rxc2 {Und weiter mit ...b3 wäre nett.} 45. Kxb4 {Droht Th5.} Rh2 $2 {[#]} (45... Re2 $1 $11 {und Schwarz muss sich keine Sorgen machen.}) 46. Rc5 $2 (46. Kc5 $1 $18) 46... Kd7 {Die Stellung ist ausgeglichen.} 47. Rf5 Kc6 48. Rf6+ Kb7 49. Rf5 Kc6 50. Rf6+ Kb7 {[%mdl 32768] Precision: Weiß = 37%, Schwarz = 44%. . Sensor Board Error (Ke4/e5)?} 0-1

[Event "XVI Gran Hotel Bali 2017"]
[Site "Benidorm"]
[Date "2017.12.06"]
[Round "7"]
[White "Fernandez Barrera, Victor"]
[Black "Picazo Lopez, Juan Antonio"]
[Result "1/2-1/2"]
[WhiteElo "2300"]
[BlackElo "2204"]
[Annotator "TA"]
[PlyCount "60"]
[EventDate "2017.??.??"]
[EventType "swiss"]
[EventCountry "ESP"]
[SourceTitle "playchess.com"]
[Source "ChessBase"]
[SourceQuality "1"]

{[%evp 19,60,0,0,0,0,0,0,0,0,0,0,0,11,0,5,0,0,0,9,-13,0,0,0,0,76,-20,0,-3,23,25,62,77,72,39,45,37,64,9,300,0,0,0,0]} 1. d4 d5 2. Nf3 Nf6 3. c4 e6 4. Nc3 dxc4 5. e3 a6 6. Bxc4 b5 7. Be2 Bb7 8. O-O Nbd7 {D26: Queen's Gambit Accepted: 4 e3 e6 5 Bxc5 c5 sidelines} 9. b3 (9. Bd2 c5 10. Rc1 Rc8 11. dxc5 Bxc5 12. b4 Bd6 13. a4 bxa4 14. Nxa4 O-O 15. Rxc8 Qxc8 16. Bc3 {½-½ (58) Fedoseev,V (2731)-Grachev,B (2654) Sochi 2017}) 9... c5 10. Bb2 Bd6 {LiveBook: 12 Games} 11. Rc1 O-O 12. a4 b4 13. Nb1 $1 {[%cal Bc3b1,Bb1d2,Bd2c4,Bc4a5][%mdl 32]} Qe7 14. Nbd2 Rac8 15. Nc4 Bb8 16. Na5 $146 ({Predecessor:} 16. Qd2 Ne4 17. Qc2 {½-½ (80) Juhasz,M-Bagyanszky,A (2130) Hungary 1995}) 16... Bd5 17. g3 Bc7 18. Nc4 Rfd8 19. Qe1 Ne4 20. Ncd2 Nxd2 21. Nxd2 cxd4 (21... Qd6 $11) 22. Bxd4 ({White should play} 22. Bxa6 $16 {Threatens to win with e4.} dxe3 23. fxe3) 22... e5 23. e4 $36 {[%mdl 2048] White is pushing.} Be6 (23... Bb7 $5 {[%cal Re5d4]} 24. Be3 Bb6 $11) 24. Be3 Bb6 25. Rxc8 Rxc8 26. Bxb6 Nxb6 27. Bxa6 Rc3 28. Qd1 (28. a5 $14 Nd7 29. Qd1) 28... Qc5 $2 {[%mdl 8192] [#]} (28... h6 $11) 29. Be2 $2 ({Only move:} 29. Nb1 $18 h5 30. Nxc3 bxc3 31. Qc2) 29... g6 $11 30. Re1 h5 {Precision: White = 48%, Black = 41%.} 1/2-1/2

[Event "XVI Gran Hotel Bali 2017"]
[Site "Benidorm"]
[Date "2017.12.06"]
[Round "7"]
[White "Garcia Blanco, Omar"]
[Black "Stanca, Adrian"]
[Result "0-1"]
[WhiteElo "2274"]
[BlackElo "2226"]
[Annotator "TA"]
[PlyCount "166"]
[EventDate "2017.??.??"]
[EventType "swiss"]
[EventCountry "ESP"]
[SourceTitle "playchess.com"]
[Source "ChessBase"]
[SourceQuality "1"]

{[%evp 9,166,33,46,16,17,18,39,44,44,22,33,26,28,40,29,27,37,32,54,44,61,45,48,29,36,32,32,25,20,13,36,30,36,20,40,29,33,29,33,57,49,34,65,63,61,57,68,62,70,77,95,73,72,43,85,85,87,87,100,75,78,83,85,21,16,21,132,134,133,128,137,38,39,41,53,48,132,102,128,79,129,86,86,90,106,106,106,106,106,106,132,132,148,148,262,195,190,148,155,148,148,139,122,0,0,0,0,0,0,0,0,0,0,0,0,0,0,0,0,0,0,-151,-156,-93,0,0,0,-156,-154,-154,-147,-147,-147,-147,-140,-6091,-6091,-5983,0,-6071,-5824,-5638,-5638,-5365,-5297,-2651,-2299,-29974,-29972,-29982,-29983,-29983,-29982,-29982,-29983,-29984,-29985,-29985,-29986]} 1. e4 e5 2. Nf3 Nc6 3. d4 exd4 4. Nxd4 g6 5. Nxc6 bxc6 {LiveBook: 19 Partien} 6. Bd3 {C45: Schottische Partie} (6. Nc3 {keeps more tension.} Bg7 7. Bc4 d6 8. O-O Ne7 9. Bg5) 6... Bg7 7. O-O Ne7 8. Nc3 {Weiß steht etwas besser.} Rb8 (8... O-O 9. Bf4 Rb8 10. Rb1 f5 11. Qd2 fxe4 12. Nxe4 Nf5 13. Ng3 d6 {½-½ (24) Pierrot,J (2400)-Sosa,T (2465) Caba 2017}) 9. Qe1 $146 ({Vorgänger:} 9. Na4 O-O 10. c3 d6 11. Bg5 h6 12. Be3 c5 13. Qd2 Kh7 {0-1 (33) Velichko,T (1858)-Astashin,A (2156) Saratov 2009}) 9... O-O 10. Rb1 d6 11. Bg5 Be6 12. Qd2 Qd7 13. Bh6 f6 14. Bxg7 Kxg7 15. b3 c5 16. Ne2 Qc6 17. c4 Qd7 18. Nc3 Nc6 19. Rbe1 Bg8 20. f4 Rbe8 21. Bb1 Kh8 22. Rf3 Nd4 23. Rfe3 g5 24. Rf1 {[%cal Be1f1,Bf1f4,Bf4h4,Bh4h6][%mdl 32]} Ne6 25. Ne2 Nxf4 26. Nxf4 gxf4 27. Rxf4 Re5 28. Ref3 Kg7 29. Bd3 Be6 30. Rh4 Kh8 31. Qf2 Qe7 32. Rh6 Kg7 33. Qh4 Bg8 34. h3 a6 35. Kh1 Rf7 36. Rg3+ (36. Rf4 $16) 36... Kh8 $1 $11 37. Rhg6 {[%csl Gg3][%cal Rg6g8]} Rf8 (37... Rg5 $1 $11 {hält das Gleichgewicht.}) 38. Qh6 $16 Rg5 39. R6xg5 fxg5 40. Rxg5 (40. e5 $16) 40... Rf6 $1 $14 {[%cal Rf6h6]} 41. Qh5 Bf7 42. Qg4 $40 {[%mdl 128] Droht e5! und aus. Weiss startet einen Angriff.} Bg6 (42... Rg6 $14 43. Rxg6 hxg6) 43. Qg3 Re6 44. Rg4 Kg7 45. Kh2 Qf6 46. h4 {Droht stark h5.} Re5 47. Rf4 Qe7 48. Rf5 Kh8 49. Rxe5 dxe5 50. Qg4 Qd8 51. Be2 Qd2 (51... Qd6 $16 52. h5 Bf7) 52. Bf3 {Schwarz muss nun Dc8+ beachten.} Qd6 53. Qg5 Bf7 54. h5 h6 55. Qf5 Kg7 56. g4 (56. Qg4+ $16 Kf8 57. Qh4) 56... Qf6 $11 57. Kg3 Be6 58. Qxf6+ Kxf6 {[%mdl 4096] Endspiel KL-KL} 59. Kh4 a5 60. Bg2 Bd7 61. Bh1 Be6 62. Bf3 Bd7 63. Bg2 Be6 64. Bh3 Bf7 65. g5+ $2 ({Besser ist} 65. Bf1 $11) 65... hxg5+ $17 66. Kg4 Be6+ (66... Be8 $1 $17) 67. Kg3 $11 {Lxe6 ist eine echte Drohung.} Bf7 68. Bg4 $2 {[#]} ({Weiss kommt nicht vorbei an} 68. Kg4 $1 $11) 68... Kg7 $1 $17 69. Be2 Kh6 70. Bd1 Bxh5 71. Bc2 Kg6 72. a4 $2 {[%mdl 8192]} (72. Kf2 $17) 72... Kf6 73. Kf2 Kg6 74. Kg3 Kh6 75. Kf2 Bg4 76. Kg2 Kh5 77. Kg3 {[#]} c6 $1 78. b4 cxb4 {Schwarz setzt Matt.} 79. c5 Be6 80. Bd1+ Kg6 81. Kf3 b3 {[%cal Bb4b3,Bb3b2][%mdl 32]} 82. Ke3 b2 83. Bc2 Ba2 {Precision: Weiß = 51%, Schwarz = 60%.} 0-1

[Event "XVI Gran Hotel Bali 2017"]
[Site "Benidorm"]
[Date "2017.12.06"]
[Round "7"]
[White "Moreno Ibanez, Miguel"]
[Black "Arata, Roberto Mario"]
[Result "1-0"]
[WhiteElo "2272"]
[BlackElo "2169"]
[Annotator "TA"]
[PlyCount "49"]
[EventDate "2017.??.??"]
[EventType "swiss"]
[EventCountry "ESP"]
[SourceTitle "playchess.com"]
[Source "ChessBase"]
[SourceQuality "1"]

{[%evp 18,49,60,41,31,33,43,27,46,25,12,16,21,13,9,0,19,39,48,45,87,77,89,76,154,114,927,927,889,887,29994,29995,29995,29996]} 1. e4 c6 2. Nf3 d5 3. Nc3 dxe4 4. Nxe4 Nf6 5. Qe2 Nxe4 6. Qxe4 Nd7 {B11: Caro-Kann (Zweispringer-Variante)} (6... Qa5 7. Qf4 Qf5 8. Qe3 Qxc2 9. Bd3 Qa4 10. O-O f6 11. b3 Qa5 12. Bb2 Na6 13. Rfe1 Nc7 14. b4 Qh5 15. b5 Nxb5 16. Nd4 Nxd4 17. Bxd4 {½-½ (17) Giri,A (2762)-Riazantsev,A (2651) Palma de Mallorca 2017}) 7. Bc4 Nf6 8. Ne5 e6 9. Qe2 Be7 10. c3 {LiveBook: 5 Partien} O-O 11. d4 c5 12. dxc5 Bxc5 13. Bg5 Qc7 14. Bxf6 $146 ({Vorgänger:} 14. Bh4) 14... gxf6 15. Ng4 f5 16. Nf6+ Kg7 17. Nh5+ Kh8 18. O-O-O b5 19. Bxb5 Rb8 20. Rd2 e5 ({Günstiger ist} 20... Be7) 21. Rhd1 $40 {[%mdl 128] Droht Td7! und aus. Weiss hat starken Angriff.} Be6 $2 {[%mdl 8192] [#]} (21... Be7 $16) 22. Rd7 $1 $18 {[%mdl 512]} Bxd7 23. Rxd7 Qb6 24. Qxe5+ f6 25. Qxf5 {Precision: Weiß = 89%, Schwarz = 42%.} 1-0

[Event "XVI Gran Hotel Bali 2017"]
[Site "Benidorm"]
[Date "2017.12.06"]
[Round "7"]
[White "Lornye, Pylyp"]
[Black "Iglesias, Jorge"]
[Result "1/2-1/2"]
[WhiteElo "2264"]
[BlackElo "2291"]
[Annotator "TA"]
[PlyCount "38"]
[EventDate "2017.??.??"]
[EventType "swiss"]
[EventCountry "ESP"]
[SourceTitle "playchess.com"]
[Source "ChessBase"]
[SourceQuality "1"]

{[%evp 13,38,9,17,12,15,4,4,0,45,31,15,12,19,18,8,9,9,0,16,27,18,18,18,10,18,0,5]} 1. Nf3 Nf6 2. g3 g6 3. Bg2 Bg7 4. O-O O-O 5. d3 d5 6. Nbd2 d4 7. Nc4 {A07: Réti Opening: New York and Capablanca Systems} (7. Nb3 Nc6 8. c3 dxc3 9. bxc3 Nd5 10. c4 Ndb4 11. Bd2 a5 12. a3 Na6 13. Rb1 a4 14. Nc1 Nc5 {½-½ (77) Karjakin,S (2760)-Nepomniachtchi,I (2720) Moscow 2010}) 7... Nc6 {LiveBook: 3 Games} 8. a4 Re8 $146 ({Predecessor:} 8... Nd5 9. a5 a6 10. Nfd2 Rb8 11. Nb3 e5 12. e4 dxe3 13. Nxe3 Nxe3 14. Bxe3 Be6 {½-½ (58) Niermann,M (2237)-Schreck,R (2125) Germany 2007}) 9. e4 dxe3 10. Nxe3 Nd5 11. Nxd5 Qxd5 12. Ng5 Qd7 13. c3 h6 14. Ne4 $36 {[%mdl 2048] White has good play.} b6 15. d4 Ba6 {[%cal Bc8a6,Ba6c4,Bc4d5][%mdl 32]} 16. Re1 Rad8 17. a5 {[#] Hoping for axb6.The position is equal.} Bc4 18. axb6 axb6 19. Be3 Bd5 1/2-1/2

[Event "XVI Gran Hotel Bali 2017"]
[Site "Benidorm"]
[Date "2017.12.06"]
[Round "7"]
[White "Exposito Amaro, Josue"]
[Black "Nieves Cabanes, Javier"]
[Result "1/2-1/2"]
[WhiteElo "2263"]
[BlackElo "2184"]
[Annotator "TA"]
[PlyCount "99"]
[EventDate "2017.??.??"]
[EventType "swiss"]
[EventCountry "ESP"]
[SourceTitle "playchess.com"]
[Source "ChessBase"]
[SourceQuality "1"]

{[%evp 11,99,-39,-16,-37,-33,-17,0,-30,-8,0,0,-5,48,27,33,-75,-74,-71,-57,-179,-15,-27,-16,-35,-21,-37,80,61,118,105,135,22,23,0,76,-14,69,66,69,67,79,76,88,89,91,95,202,191,475,453,637,612,616,626,602,606,837,844,29976,497,1947,834,723,0,0,0,0,0,0,0,0,0,0,0,0,0,0,0,0,0,0,0,0,0,0,0,0,0,0,0]} 1. Nc3 d5 2. e4 d4 3. Nce2 e5 4. Ng3 Be6 5. Nf3 f6 6. Bb5+ Nd7 {LiveBook: 4 Games. A00: Irregular Openings} (6... c6 7. Be2 Ne7 8. O-O Qd7 9. b3 c5 10. Bc4 Nbc6 11. Bxe6 Qxe6 12. Ne1 O-O-O 13. Nd3 Ng6 14. Nh5 {0-1 (74) Vandermeulen,B (2570)-Stephan,J (2555) ICCF email 2010}) 7. Ba4 c5 8. O-O Ne7 $146 ({Predecessor:} 8... a6 9. Bxd7+ Qxd7 10. d3 Bd6 11. Nd2 b5 12. a4 Rb8 13. axb5 axb5 {0-1 (47) Benes,P (2153)-Huss,A (2326) Triesen 2010}) 9. Nh4 Nc6 (9... Qb6 {with more complications.} 10. d3 O-O-O 11. Bb3 g6 12. c3 Bxb3 13. axb3 Kb8) 10. d3 c4 11. Bb5 Nb6 ({Better is} 11... cxd3 $11 12. cxd3 Qb6 13. Bxc6 bxc6) 12. dxc4 Nxc4 13. a3 (13. c3 $14 {keeps the upper hand.} a6 14. Bxc6+ bxc6 15. b3) 13... Qb6 $17 14. Ba4 O-O-O 15. b4 {[#]} (15. Qd3 $15) 15... g5 $2 (15... Qa6 $1 $19 {[%cal Ra6a4]} 16. Bxc6 Qxc6) 16. Nhf5 $11 Ne7 17. Bb3 Kb8 18. Qe2 Qc7 {[#]} (18... Rc8 $15 {stays ahead.}) 19. Nh5 $1 $16 Ng8 (19... h6 $14) 20. Rd1 Rc8 21. Qf3 (21. c3 $16) 21... Qf7 $11 22. h3 h6 (22... Nd6 $11) 23. g4 (23. Rd3 $16) 23... Rh7 ({Black should play} 23... Nd6 $1 $11) 24. c3 $14 dxc3 25. Qxc3 Qe8 26. Qf3 Rhc7 27. Bxc4 Rxc4 28. Ne3 Rc3 (28... R4c6 $16) 29. Bb2 Rb3 $2 (29... R3c7 30. Nxf6 Nxf6) 30. Nxf6 $18 Qb5 (30... Nxf6 $142 31. Qxf6 a6 32. Qxe5+ Ka8) 31. a4 Qxb4 32. Bxe5+ Ka8 33. Nxg8 Bxg8 34. Qf5 {[%cal Rf5c8]} Re8 35. Qg6 (35. Rac1 $142 a5 36. Rc8+ Rxc8 37. Qxc8+ Ka7 38. Bd4+ Qxd4 39. Rxd4 Ba3 40. Qxg8) 35... Rc8 (35... Qe7 $142) 36. Qxg8 {Hoping for Rac1.} Rxe3 37. Rac1 $2 (37. Qf7 $18) 37... Rxc1 $11 {The position is equal.} 38. Rxc1 {[%cal Rc1c8]} Re1+ 39. Rxe1 Qxe1+ 40. Kg2 {[%cal Rg8f8]} Qxe4+ 41. Kf1 {[%cal Rg8f8]} Qb1+ 42. Ke2 {[%cal Rg8f8]} Qc2+ 43. Ke3 Qc1+ 44. Ke4 (44. Ke2 $5 {[%cal Rg8f8]} Qc2+ 45. Ke3 Qc1+ 46. Ke2 Qc2+ $11) 44... Qb1+ 45. Ke3 {[%cal Rg8f8]} Qc1+ 46. Kf3 Qh1+ 47. Ke2 {[%cal Rg8f8]} Qe4+ 48. Kd2 {[%cal Rg8f8]} Qb4+ 49. Kd3 Qb1+ 50. Ke3 {Precision: White = 41%, Black = 38%.} 1/2-1/2

[Event "XVI Gran Hotel Bali 2017"]
[Site "Benidorm"]
[Date "2017.12.06"]
[Round "7"]
[White "Gromovs, Sergejs"]
[Black "Serna Lara, Sergio"]
[Result "1/2-1/2"]
[WhiteElo "2257"]
[BlackElo "2224"]
[Annotator "TA"]
[PlyCount "118"]
[EventDate "2017.??.??"]
[EventType "swiss"]
[EventCountry "ESP"]
[SourceTitle "playchess.com"]
[Source "ChessBase"]
[SourceQuality "1"]

{[%evp 15,118,-13,0,-13,0,-43,-25,-43,-41,-54,-32,-49,-42,-104,-104,-107,-108,-158,-129,-127,-127,-153,-145,-153,-150,-166,-159,-177,-173,-180,-160,-193,-164,-200,-200,-200,-204,-208,-192,-200,-197,-183,-189,-187,-162,-194,-194,-179,-120,-120,-70,-80,-80,-80,-80,-80,-80,-80,-65,-70,-71,-67,-55,-61,-55,-55,-22,-224,-224,-224,-224,-224,-156,-156,-156,-156,-156,-156,-156,-156,-156,-156,-156,-156,-156,-156,-156,-156,-156,-156,-158,-158,-156,-156,-156,-156,-156,-156,0,-156,0,-156,0,-156,0]} 1. d4 d5 2. c4 e6 3. Nc3 a6 4. e3 Nf6 5. Nf3 dxc4 6. Bxc4 b5 7. Bd3 c5 {D26: Queen's Gambit Accepted: 4 e3 e6 5 Bxc5 c5 sidelines} (7... Bb7 8. b3 Nbd7 9. Bb2 c5 10. O-O Be7 11. Rc1 O-O 12. a4 b4 13. Nb1 cxd4 14. Nxd4 Nc5 15. Be2 Rc8 16. Nd2 Nfe4 17. Nxe4 Nxe4 18. Bf3 Rxc1 19. Qxc1 Qa8 {½-½ (34) Tomashevsky,E (2758)-Ghaem Maghami,E (2596) Berlin 2015}) 8. dxc5 Bxc5 {LiveBook: 27 Games} 9. Qc2 Nbd7 {The position is equal.} 10. O-O (10. Ne4 $5 {[%cal Re4c5]} Bb4+ 11. Bd2 Bxd2+ 12. Qxd2 $11 (12. Kxd2 O-O $15)) 10... Bb7 11. e4 Rc8 12. Qe2 $146 Qc7 13. Bg5 h6 14. Bh4 (14. Bxf6 $15 Nxf6 15. e5 Bxf3 16. gxf3) 14... Nh5 $1 $17 15. Ne1 Nf4 16. Qg4 g5 17. Bg3 Ne5 $36 {[%cal Bd7e5,Be5g4,Bg4f6,Bf6d5,Bd5f4,Bf4e2][%mdl 2080] Black is on the roll.} 18. Bxf4 Nxg4 19. Bxc7 Rxc7 20. Nf3 Ke7 21. h3 Rd8 22. Rad1 Nf6 23. e5 Nd5 24. Ne4 {[#]} Nf4 $1 25. Bb1 Ne2+ 26. Kh2 Rxd1 27. Rxd1 Bxe4 28. Bxe4 Bxf2 29. g4 Rd7 30. Rxd7+ Kxd7 $19 {[%mdl 4096] Endgame KBN-KBN} 31. Bb7 {[#]} a5 (31... Nc1 $1 $19 32. Bxa6 Kc6) 32. Ba6 $17 Nd4 33. Nxd4 Bxd4 34. Bxb5+ $15 {KB-KB} Ke7 35. b3 Bxe5+ 36. Kg2 f5 37. Kf3 Kf6 38. Bd7 Bd6 39. Bc8 Bf8 40. Bd7 h5 {[%cal Bh6h5,Bh5h4,Bh4h3,Bh3h2][%mdl 32]} 41. Bc8 $2 (41. gxh5 $11 {and White is okay.} e5 42. Ke3) 41... fxg4+ $19 42. hxg4 h4 43. Ke4 Bc5 44. Ba6 h3 {( -> ...h2)} 45. Bf1 h2 46. Bg2 Ba3 47. Bh1 Ke7 48. Bg2 Kd6 49. Bh1 Bb2 50. Bg2 Kc5 51. Kd3 Be5 52. Bh1 Kb4 53. Kc2 Bc7 54. a4 Bf4 55. Bg2 Kc5 {aiming for ...Kd4.} 56. Kd3 Kb4 57. Kc2 Kc5 {Threatens to win with ...Kd4.} 58. Kd3 Kb4 59. Kc2 Kc5 $2 {Precision: White = 59%, Black = 63%.} (59... Be3 $17 60. Bb7 Bf4) 1/2-1/2